| Поле | Название | Значение |
| |
Тип записи |
a |
| |
Библиографический уровень |
m |
| 001 |
Контрольный номер |
RU/SLIB/B/208710393 |
| 005 |
Дата корректировки |
20201206203907.8 |
| 010 |
Индекс ISBN |
__ |
| d |
Цена |
18200-00; 49-00; 40000-00 |
| 101 |
Язык документа |
__ |
| a |
Язык текста |
rus |
| 200 |
Заглавие и сведения об ответственности |
0_ |
| a |
Заглавие |
Психология индивидуальности: Избранные психологические труды |
| f |
Первые сведения об ответственности |
Мерлин В. С. ; под ред. Е. А. Климова |
| b |
Общее обозначение материала |
Текст |
| 210 |
Выходные данные |
__ |
| a |
Место издания |
Воронеж |
| c |
Издательство |
МОДЭК |
| 210 |
Выходные данные |
__ |
| a |
Место издания |
М. |
| c |
Издательство |
Ин-т практ. психологии |
| d |
Дата издания |
1996 |
| 215 |
Физическое описание |
__ |
| a |
Объем |
448 с. |
| 300 |
Общие примечания |
__ |
| a |
Общие примечания |
Психологи Отечества: Избpанные психологич. тpуды. В 70 т |
| 606 |
Тематические рубрики |
__ |
| a |
Основная рубрика |
Психология |
| 606 |
Тематические рубрики |
__ |
| a |
Основная рубрика |
Психология личности |
| 610 |
Ключевые слова |
__ |
| a |
Ключевые слова |
сознание; темпераменты; психика |
| 686 |
Индексы других классификаций |
__ |
| 2 |
Код системы |
rubbks |
| a |
Классификационный индекс |
88.37; ст88.37 |
| 700 |
Автор |
_1 |
| a |
Фамилия |
Мерлин |
| b |
Имя |
В. С. |
| 4 |
Код отношения |
070 |
| 702 |
Вторичная интеллектуальная ответственность |
__ |
| a |
Фамилия |
Климов |
| b |
Имя |
Е. А. |
| 4 |
Код отношения |
Редактор |
| 801 |
Источник записи |
_0 |
| a |
Страна |
RU |
| b |
Организация |
Муниципальное бюджетное учреждение культуры "Централизованная библиотечная система" г. Сургут (Центральная городская библиотека им. А. С. Пушкина) |
| g |
Правила каталогизации |
ОБ/Показаньева |
| 801 |
Источник записи |
_1 |
| a |
Страна |
RU |
| b |
Организация |
Муниципальное бюджетное учреждение культуры "Централизованная библиотечная система" г. Сургут (Центральная городская библиотека им. А. С. Пушкина) |
| g |
Правила каталогизации |
ОБ/Показаньева |
| 852 |
Данные о местонахождении |
__ |
| j |
Шифр хранения |
88.37 |
| c |
Каталожный индекс |
88.37 |
| i |
Авторский знак |
М 52 |
| p |
Инвентарный номер |
60480; 69104; 59816 |
| 901 |
Тип документа |
__ |
| t |
Тип документа |
m |
| 903 |
Характеристики (МАРС) |
__ |
| a |
Дата передачи |
19980831 |
| 990 |
Данные о заказе (DOS) |
00 |
| j |
Количество экземпляров (DOS) |
6 |